MARC

LEADER 00000nam0a2200000 4500
001 73327
005 20231101212712.0
035 |a (RuTPU)RU\TPU\book\78250 
090 |a 73327 
100 |a 20050215d1965 k y0rusy50 ca 
101 0 |a rus 
102 |a RU 
105 |a a z 001zy 
200 1 |a Пассивность и защита металлов от коррозии  |f Н. Д. Томашов, Г. П. Чернова 
210 |a Москва  |c Наука  |d 1965 
215 |a 208 с.  |c ил. 
320 |a Библиогр.: с. 200-205. 
606 1 |a Металлы  |x Защита от коррозии  |2 stltpush  |3 (RuTPU)RU\TPU\subj\43054  |9 62641 
610 1 |a металловедение 
610 1 |a коррозия 
610 1 |a пассивность 
610 1 |a коррозионная стойкость 
610 1 |a анодная электрохимическая защита 
675 |a 669:620.197  |v 3 
700 1 |a Томашов  |b Н. Д.  |g Никон Данилович 
701 1 |a Чернова  |b Г. П.  |g Галина Прокофьевна 
801 1 |a RU  |b 63413507  |c 20050215  |g PSBO 
801 2 |a RU  |b 63413507  |c 20201105  |g PSBO 
942 |c BK